THE ORGANIZATIONAL BEHAVIOR READER (Registro nro. 45886)
[ vista simple ]
| 000 -LEADER | |
|---|---|
| fixed length control field | 00984nam a2200181 a 4500 |
| 001 - CONTROL NUMBER | |
| control field | 45886 |
| 005 - DATE AND TIME OF LATEST TRANSACTION | |
| control field | 20180714025240.0 |
| 008 - FIXED-LENGTH DATA ELEMENTS--GENERAL INFORMATION | |
| fixed length control field | 140415s2001 xxu 000 0 eng d |
| 020 ## - INTERNATIONAL STANDARD BOOK NUMBER | |
| International Standard Book Number | 0130265543 |
| 041 ## - LANGUAGE CODE | |
| Language code of text/sound track or separate title | eng |
| 082 ## - DEWEY DECIMAL CLASSIFICATION NUMBER | |
| Classification number | 158.7 |
| Item number | ORG |
| 245 04 - TITLE STATEMENT | |
| Title | THE ORGANIZATIONAL BEHAVIOR READER |
| 250 ## - EDITION STATEMENT | |
| Edition statement | 7ed. |
| 260 ## - PUBLICATION, DISTRIBUTION, ETC. | |
| Place of publication, distribution, etc. | ESTADOS UNIDOS DE AMERICA : |
| Name of publisher, distributor, etc. | PRENTICE-HALL, INC., |
| Date of publication, distribution, etc. | 2001 |
| 300 ## - PHYSICAL DESCRIPTION | |
| Extent | 444 |
| Dimensions | 18 x 2.8 x 23.3 |
| 520 ## - SUMMARY, ETC. | |
| Summary, etc. | REFLECTANDO CONCEPTOS BASICOS, NUEVAS APROXIMACIONES, Y EMERGIENDO PERSPECTIVAS, ESTA COLECCION DE INVESTIGACION REPORTES Y ENSAYOS TEORICOS SIRVE COMO MATERIAL PRIMARIO PARA ESTUDIANTES DE ORGANIZACION EXPERIMENTAL EN ALGUN NIVEL, LOS LECTORES ESTAN ANIMADOS PARA INCORPORAR LA INFORMACION DESDE LA LECTURA CON SUS PROPIAS EXPERIENCIAS Y LAS EXPERIENCIAS DE OTROS. AUN CUANDO ESTE LIBRO PUEDE SER USADO SOLO, ESTE ES DESIGNADO PARA COMPLEMENTAR LOS EJERCICIOS Y TEORIAS PRESENTADAS EN EL T |
| 650 14 - SUBJECT ADDED ENTRY--TOPICAL TERM | |
| Topical term or geographic name entry element | COMPORTAMIENTO ORGANIZACIONAL |
| Withdrawn status | Lost status | Source of classification or shelving scheme | Damaged status | Not for loan | Collection code | Home library | Current library | Shelving location | Date acquired | Source of acquisition | Inventory number | Total Checkouts | Full call number | Barcode | Date last seen | Date last checked out | Price effective from | Koha item type |
|---|---|---|---|---|---|---|---|---|---|---|---|---|---|---|---|---|---|---|
| Dewey Decimal Classification | General | Biblioteca Karol Wojtyla | Biblioteca Karol Wojtyla | Sala general | 03/12/2013 | Compra | 151000000000000000063389 | 158.7 ORG | 69119 | 05/01/2026 | 07/02/2017 | 03/12/2013 | Libro | |||||
| Dewey Decimal Classification | General | Biblioteca Karol Wojtyla | Biblioteca Karol Wojtyla | Sala general | 03/12/2013 | Compra | 151000000000000000063388 | 158.7 ORG | 68872 | 05/01/2026 | 05/04/2016 | 03/12/2013 | Libro |